| 000 | 00000nam##2200000za#4500 |
| 001 | 9.525765 |
| 003 | CaOODSP |
| 005 | 20220623094106 |
| 007 | ta |
| 008 | 150406|1995||||xxc||||| f|0| 0 fre|d |
| 020 | |a0-662-61802-5 |
| 040 | |aCaOODSP|bfre |
| 041 | |aeng |
| 041 | |afre |
| 043 | |an-cn--- |
| 086 | 1 |aC21-23/5 |
| 110 | 1 |aCanada.|bIndustrie Canada. |bDirection de l'analyse micro-économique. |
| 245 | 13|aLa compétitivité: notions et mesures / |cpar Donald G. McFetridge. |
| 260 | |aOttawa - Ontario : |bIndustrie Canada. |c1995. |
| 300 | |aTexte français, 49p. : |bréférences ; |c23 cm. |
| 490 | 1 |aDocument hors série|vN° 5, avril 1995 |
| 500 | |a«Dans le présent document, nous examinons d'abord les mesures de la compétitivité au niveau de l'entreprise, où la notion est la plus significative. Nous nous penchons ensuite sur la compétitivité au niveau de la branche d'activité économique, puis à celui du pays tout entier. En guise de conclusion, nous proposons une analyse des conséquences, sur le plan des politiques, des notions les plus persuasives de la compétitivité.»--Introduction. |
| 520 | 3 |aDans le présent document, nous examinons d'abord les mesures de la compétitivité au niveau de l'entreprise, où la notion est la plus significative. Nous nous penchons ensuite sur la compétitivité au niveau de la branche d'activité économique, puis à celui du pays tout entier. En guise de conclusion, nous proposons une analyse des conséquences, sur le plan des politiques, des notions les plus persuasives de la compétitivité.--Introduction |
| 546 | |aBilingue |
| 563 | |aCouverture souple |
| 691 | 07|aCompétitivité|2gcpds |
| 720 | 1 |aMcFertridge, Donald G. |
| 776 | 0#|tCompetitiveness - concepts and measures : |w(CaOODSP)9.570791 |
| 776 | 0#|tLa compétitivité : notions et mesures : |w(CaOODSP)9.601437 |
| 791 | |tCompetitiveness: concepts and measures / |eeng|w(CaOODSP)9.525764 |
| 830 | #0|aDocument hors série (Canada. Industrie Canada)|vN° 5, avril 1995|w(CaOODSP)9.509051 |